000 00734cam a2200241 a 4500
001 000006044
005 20200929151911.0
008 930715s1992 ck 001 p spa
020 _a9586121143
040 _aDO-SdBNP
_cDLC
082 _aC861.44
_bO83p
100 1 _aOspina, William,
_d1954-
_917036
245 1 3 _aEl país del viento /
_cWilliam Ospina.
260 _aSantafé de Bogotá, Colombia :
_bColcultura,
_c1992.
300 _a66 p. ;
_c21 cm.
490 1 _aLiteratura
586 _aPremios nacional de literatura, 1992.
650 4 _aPoesía colombiana
_ySIGLO XX
_917037
650 4 _aLiteratura colombiana
_ySIGLO XX
_914409
830 0 _aLiteratura.
_98095
910 _aCatalogación por copia / LC
049 _aBNGR
999 _c5840
_d5840